Vigencia del filosofar: homenaje a Héctor D. Mandrioni
Αποθηκεύτηκε σε:
| Μορφή: | Βιβλίο |
|---|---|
| Γλώσσα: | Ισπανικά |
| Έκδοση: |
Buenos Aires
Paulinas
1991
|
| Σειρά: | Colección profundidad, 1
|
| Θέματα: | |
| Ετικέτες: |
Προσθήκη ετικέτας
Δεν υπάρχουν, Καταχωρήστε ετικέτα πρώτοι!
|
MARC
| LEADER | 00000nam a2200000 a 4500 | ||
|---|---|---|---|
| 001 | UCX5359 | ||
| 003 | CL-VaPUC | ||
| 005 | 20241219122616.0 | ||
| 008 | 921027e19910000AG |||||||||||||||||spa|d | ||
| 999 | |c 225624 |d 225622 | ||
| 020 | |a 9500908816 | ||
| 040 | |c Pontificia Universidad Católica de Valparaíso | ||
| 082 | 0 | 4 | |a 199.82 |b VIG |2 21 |
| 245 | 1 | 0 | |a Vigencia del filosofar: homenaje a Héctor D. Mandrioni |
| 260 | |a Buenos Aires |b Paulinas |c 1991 | ||
| 300 | |a 390 p | ||
| 490 | 0 | |a Colección profundidad, 1 | |
| 583 | |a last modification |c 20170530 05:23:43 |k Rodrigo Vera | ||
| 600 | |a Mandrioni, Héctor Delfor, |d 1920-2010 |9 862089 | ||
| 650 | 0 | |a Filosofía argentina |9 313782 | |
| 650 | 0 | |a Filosofía (contemporánea) |y S.XX (Siglo 20) |9 267050 | |
| 650 | 0 | |a Filosofía de la religión |9 256017 | |
| 942 | |c BK |2 ddc | ||
| 945 | |d 19921027 00:00:00 | ||
| 952 | |0 0 |1 0 |4 0 |6 199_820000000000000_VIG_1991 |7 0 |8 P |9 223319 |a BIBEDU |b BIBEDU |c BIBEDU_PB |d 2019-11-15 |i 2921502 |o 199.82 VIG 1991 |p 2921502 |r 2024-01-25 |w 2019-11-15 |y BK |k FIL | ||
| 952 | |0 0 |1 2 |4 0 |6 199_820000000000000_VIG_1991 |7 0 |8 A |9 223320 |a BIBTEO |b BIBTEO |d 2019-11-15 |i 2921510 |o 199.82 VIG 1991 |p 2921510 |r 2019-11-15 |w 2019-11-15 |x Descarte 2019 |y BK |k ICR | ||
| 952 | |0 0 |1 0 |4 0 |6 199_820000000000000_VIG_1991 |7 0 |8 A |9 223321 |a BIBTEO |b BIBTEO |d 2019-11-15 |i 4445783 |o 199.82 VIG 1991 |p 4445783 |r 2025-01-17 |w 2019-11-15 |y BK |k ICR | ||